000 00602nam a22001817a 4500
005 20231113140520.0
008 231113b |||||||| |||| 00| 0 eng d
020 _a9780409118391 ; 9780409120370
041 _aEnglish
082 _a345.3 NEE
100 _aNeethling, J and Potgieter, JM
_lEnglish
245 _aNeethling-Potgieter-Visser: Law of Delict /
_cJ Neethling and JM Potgieter
250 _aSeventh Edition
260 _aDurban :
_bLexisNexis (Pty) Ltd,
_c2015
300 _bxii, 480 pages ;
_c25 cm.
650 _aLegal practice
_bLaw
942 _cBK
_6ALISON_BN_VRIES
999 _c580
_d580